| 000 | 00358 a2200133 4500 | ||
|---|---|---|---|
| 001 | 88082 | ||
| 082 | _aPR 321 | ||
| 090 |
_c41492 _d41492 |
||
| 100 | _aWuo Zeeshan Khan, 005911 | ||
| 245 | _aTo Analyze and simulate various material processes | ||
| 260 |
_aRisalpur _bNUST Risalpur _c2003 |
||
| 300 |
_ax, 99p. _eMehr Nigar, Dr |
||
| 500 | _aBE Project Reports | ||
| 942 |
_aCAE NUST _kPR 321 |
||
| 999 |
_c323155 _d323155 |
||